Public monuments and sculptures online (Record no. 73082)

MARC details
000 -LEADER
fixed length control field 01090cam a2200253 4500
001 - CONTROL NUMBER
control field WB3928-11
008 - FIXED-LENGTH DATA ELEMENTS--GENERAL INFORMATION
fixed length control field 030721n2003 000 0 eng u
035 ## - SYSTEM CONTROL NUMBER
System control number (Sirsi) u123075
245 ## - TITLE STATEMENT
Title Public monuments and sculptures online
260 ## - PUBLICATION, DISTRIBUTION, ETC.
Date of publication, distribution, etc. 2003
490 ## - SERIES STATEMENT
Series statement RICS Antiques and Fine Arts Faculty News
Volume/sequential designation July 2003 (1)
520 ## - SUMMARY, ETC.
Summary, etc. A National Recording Project (NRP) is being carried out by the Public Monuments and Sculpture Association (PMSA) to digitise and record information on Britain's public sculptures. A sample of approximately 2 500 images from this collection is available online through the Visual Arts Data Service at http://www.vads.ahds.ac.uk/. View further information about NRP and PMSA at http://www.pmsa.org.uk/.
590 ## - LOCAL NOTE (RLIN)
Local note WB
650 ## - SUBJECT ADDED ENTRY--TOPICAL TERM
Topical term or geographic name entry element SCULPTURES
650 ## - SUBJECT ADDED ENTRY--TOPICAL TERM
Topical term or geographic name entry element PUBLIC MONUMENTS
650 ## - SUBJECT ADDED ENTRY--TOPICAL TERM
Topical term or geographic name entry element DIGITISATION
650 ## - SUBJECT ADDED ENTRY--TOPICAL TERM
Topical term or geographic name entry element VISUAL ARTS DATA SERVICE
650 ## - SUBJECT ADDED ENTRY--TOPICAL TERM
Topical term or geographic name entry element VADS
650 ## - SUBJECT ADDED ENTRY--TOPICAL TERM
Topical term or geographic name entry element LISTING
650 ## - SUBJECT ADDED ENTRY--TOPICAL TERM
Topical term or geographic name entry element PUBLIC MONUMENTS AND SCULPTURE ASSOCIATION
650 ## - SUBJECT ADDED ENTRY--TOPICAL TERM
Topical term or geographic name entry element PMSA
690 ## - LOCAL SUBJECT ADDED ENTRY--TOPICAL TERM (OCLC, RLIN)
Topical term or geographic name as entry element MANAGEMENT-BUSINESS MANAGEMENT-INFORMATION MANAGEMENT
942 ## - ADDED ENTRY ELEMENTS (KOHA)
Suppress in OPAC 0
Holdings
Withdrawn status Lost status Source of classification or shelving scheme Damaged status Not for loan Home library Current library Shelving location Date acquired Total Checkouts Full call number Barcode Date last seen Copy number Price effective from Koha item type
    Dewey Decimal Classification     London London News article 21/07/2003   WB3928-11 123075-1001 06/08/2019 1 06/08/2019 News article